| 000 | 00359pab a2200157 454500 | ||
|---|---|---|---|
| 008 | 180718b2002 xxu||||| |||| 00| 0 eng d | ||
| 100 | _aMukhia, Harbans | ||
| 245 | _aEklavys loses thumb again | ||
| 260 | _c2002 | ||
| 300 | _ap.10. | ||
| 362 | _a5 Aug | ||
| 650 | _aEducational policy - India | ||
| 650 | _aEducation | ||
| 773 | _aHindu | ||
| 909 | _a54332 | ||
| 999 |
_c54332 _d54332 |
||